00295nam a2200121Ia 45000030006000000080041000060400015000471000026000622450047000882600009001355460012001440050017001560STCL150530s9999 xx 000 0 und d aSTCLcSTCL aRichard Moody; Editor aDramas from the American theatre 1762-1909 c1969 aEnglish20220125171339.0